领导之道 (Record no. 63628)

000 -LEADER
fixed length control field 00551nam a22001937a 4500
003 - CONTROL NUMBER IDENTIFIER
control field MPLRDC
005 - DATE AND TIME OF LATEST TRANSACTION
control field 20220104190115.0
008 - FIXED-LENGTH DATA ELEMENTS--GENERAL INFORMATION
fixed length control field 210129b ||||| |||| 00| 0 eng d
020 ## - INTERNATIONAL STANDARD BOOK NUMBER
International Standard Book Number 978-957-13-5127-8
082 ## - DEWEY DECIMAL CLASSIFICATION NUMBER
Classification number 226.965 DLLM
100 ## - MAIN ENTRY--PERSONAL NAME
Personal name 达赖喇嘛 DALAI LAMA、LAURENS VAN DEN MUYZENBERG
245 ## - TITLE STATEMENT
Title 领导之道
Statement of responsibility, etc. 郑淑芬 译
250 ## - EDITION STATEMENT
Edition statement 初版三刷
260 ## - PUBLICATION, DISTRIBUTION, ETC.
Place of publication, distribution, etc. 台湾
Name of publisher, distributor, etc. 时报文化出版企业股份有限公司
Date of publication, distribution, etc. 2010
300 ## - PHYSICAL DESCRIPTION
Other physical details
490 ## - SERIES STATEMENT
Series statement 人生顾问 154
650 ## - SUBJECT ADDED ENTRY--TOPICAL TERM
Topical term or geographic name entry element 藏传佛教
942 ## - ADDED ENTRY ELEMENTS (KOHA)
Koha item type Book
-- 226.965 DLLM
Holdings
Withdrawn status Lost status Source of classification or shelving scheme Damaged status Not for loan Collection code Home library Current library Shelving location Date acquired Cost, normal purchase price Total Checkouts Full call number Barcode Date last seen Date last checked out Price effective from Koha item type Public note
            Malaysian Public Library, Research and Development Centre Malaysian Public Library, Research and Development Centre   26/01/2011 40.00   226.965 DLLM 00057764 18/03/2021 20/12/2014 18/03/2021 Book mplrdc

© 2022. Malaysian Public Library, Research and Development Centre. All Right ReservedE-mailmplrdc@help.edu.my 

Powered by Koha